| 000 | 00411nam a22001457a 4500 | ||
|---|---|---|---|
| 020 | _a0-07-055615-6 | ||
| 082 | _a658.5036 (PS) SCH'O | ||
| 100 |
_aSCHROEDER, ROGER G _965713 |
||
| 245 | _aOPERATIONS MANAGEMENT, DECISION MAKING IN THE OPERATIONS FUNCTION | ||
| 250 | _a2ND | ||
| 260 |
_aNEWYORK _bMCGRAW HILL _c1986 |
||
| 300 | _a379P | ||
| 650 |
_aDECISION MAKING PRODUCTION MANAGEMENT _965714 |
||
| 942 | _cBK | ||
| 999 |
_c573849 _d573849 |
||